Building Technology Mechanical and Electronical and Electrical System (Record no. 3868)

MARC details
005 - DATE AND TIME OF LATEST TRANSACTION
control field 20250625141005.0
020 ## - INTERNATIONAL STANDARD BOOK NUMBER
International Standard Book Number 0-471-59319-2
082 ## - DEWEY DECIMAL CLASSIFICATION NUMBER
Classification number LM 621.3 STE
100 ## - MAIN ENTRY--PERSONAL NAME
Author name STEIN, B.
245 ## - TITLE STATEMENT
Title Building Technology Mechanical and Electronical and Electrical System
250 ## - EDITION STATEMENT
Edition statement 2nd Ed.
260 ## - PUBLICATION, DISTRIBUTION, ETC.
Place of publication, distribution, etc. New York
Name of publisher, distributor, etc. John Wiley & Sons
Date of publication, distribution, etc. 1997
300 ## - PHYSICAL DESCRIPTION
Extent xix,1048p.: ill.; figure, picture, table
Other physical details Glossary & Index,
Dimensions 29cm.
942 ## - ADDED ENTRY ELEMENTS (KOHA)
Source of classification or shelving scheme Dewey Decimal Classification
Koha item type Books
Holdings
Date last seen Total checkouts Full call number Barcode Cost, replacement price Price effective from Koha item type Lost status Source of classification or shelving scheme Damaged status Not for loan Withdrawn status Home library Current library Shelving location Date acquired Cost, normal purchase price
06/12/2025   LM 621.3 STE 00000010853 870870.00 06/12/2025 Books   Dewey Decimal Classification       College of Business Education Main Library College of Business Education Main Library Special Reserve Collection 04/22/2005 290290.00